000
00381nam a22001697a 4500
003
MPLRDC
005
20220104144443.0
008
210129b ||||| |||| 00| 0 eng d
082
_a
177.2 RBM*
100
_a
任毕明著
245
_a
风云集
_c
260
_a
_b
实学书局
_c
300
_b
平
490
_a
实用知识丛书; 1
650
_a
942
_c
BK
_o
177.2 RBM*
999
_c
49772
_d
49762